000 02158nam a2200289 a 4500
008 120416s1991 ||||||||||||||||| || u
050 _aIBRD(058)GEP
110 _aWorld Bank
245 1 0 _aGlobal economic prospects and the developing countries
260 _aWashington, D. C.:
_bWorld Bank
_c1991
300 _aviii, 71p.: ill.
350 _a0.00
362 1 _a1991 - 2008
650 0 _aDEVELOPING COUNTRIES--ECONOMIC CONDITIONS
650 0 _aECONOMIC FORECASTING--DEVELOPING COUNTRIES
650 0 _aINTERNATIONAL ECONOMIC RELATIONS
995 _aSPECIAL COLLECTIONS
_e029064
_FCBU-MAIN LIBRARY (Kitwe)
_I0.00
_jIBRD(058)GEP/2001
_M10
_UAVAILABLE
_WApr 23, 2014
_y029064
_ZInternational Publications
995 _aSPECIAL COLLECTIONS
_D0.00
_e026035
_FCBU-MAIN LIBRARY (Kitwe)
_H1
_I0.00
_jIBRD(058)GEP/1996
_M6
_UAVAILABLE
_WMay 12, 2008
_y026035
_ZInternational Publications
995 _aSPECIAL COLLECTIONS
_D0.00
_e026570
_FCBU-MAIN LIBRARY (Kitwe)
_H1
_I0.00
_jIBRD(058)GEP/1994
_M5
_UAVAILABLE
_WMay 12, 2008
_y026570
_ZInternational Publications
995 _aSPECIAL COLLECTIONS
_D0.00
_e027031
_FCBU-MAIN LIBRARY (Kitwe)
_H1
_I0.00
_jIBRD(058)GEP/1999
_M8
_UAVAILABLE
_WMay 12, 2008
_y027031
_ZInternational Publications
995 _aSPECIAL COLLECTIONS
_e024823
_FCBU-MAIN LIBRARY (Kitwe)
_I0.00
_jIBRD(058)GEP/1991
_M1
_UAVAILABLE
_WApr 23, 2014
_y024823
_ZInternational Publications
995 _aSPECIAL COLLECTIONS
_D0.00
_e025274
_FCBU-MAIN LIBRARY (Kitwe)
_H2
_I0.00
_jIBRD(058)GEP/1993
_M2
_UAVAILABLE
_y025274
_ZInternational Publications
995 _aSPECIAL COLLECTIONS
_D0.00
_eIBRD(02)1995/18
_FCBU-MAIN LIBRARY (Kitwe)
_H4
_I0.00
_jIBRD(058)GEP/1995
_M4
_UAVAILABLE
_y026648
_ZAnnex Low-Usage Collection
995 _aSPECIAL COLLECTIONS
_e028377
_FCBU-MAIN LIBRARY (Kitwe)
_I0.00
_jIBRD(058)GEP/2000
_M9
_UAVAILABLE
_WApr 23, 2014
_y028377
_ZInternational Publications
995 _aSPECIAL COLLECTIONS
_D0.00
_e024851
_FCBU-MAIN LIBRARY (Kitwe)
_H1
_I0.00
_jIBRD(058)GEP/1992
_M1
_UAVAILABLE
_y024851
_ZInternational Publications
995 _aSPECIAL COLLECTIONS
_D0.00
_e021715
_FCBU-MAIN LIBRARY (Kitwe)
_H1
_I0.00
_jIBRD(058)GEP/1997
_M7
_UAVAILABLE
_WMay 12, 2008
_y021715
_ZInternational Publications
999 _c75930
_d75930